LEADER 01429nam a2200325 i 4500 001 000000064149 003 CaOOAMICUS 005 20200917111930.0 008 150914s1975 it u000 u ita u 013 $a35321 040 $aSeMil$bita 100 1 $aMao Zedong.$0(OLS)http://semarc/name/32385 240 10$aUnrehearsed : talks and Letters 1956-71.$0(OLS)http://semarc/title/101468 245 10$aDiscorsi inediti dal 1956 al 1971 /$cMao Tse-Tung ; a cura di Stuart R. Schram ; traduzione dall'inglese e revisione sugli originali cinesi a cura di Renata Corsini Pisu. 260 $a[Milano] :$bArnoldo Mondadori Editore,$c1975. 300 $a283 p. ;$c21 cm. 490 0 $aGli Oscar studio ;$v25 650 4$aCina.$0(OLS)http://semarc/subject/5909 650 4$aComunismo.$0(OLS)http://semarc/subject/9741 700 1 $aCorsini Pisu, Renata.$0(OLS)http://semarc/name/32387 700 1 $aSchram, Stuart R. <1924->.$0(OLS)http://semarc/name/32386 830 4$aGli Oscar studio ;$v25.$0(OLS)http://semarc/title/8472 850 $aSeMil 852 $aSeMil$W1$xVenegono$y1$m3N V 424$j30302$B30302$CSeMilBibl$Z2$F30305 $81 900 1 $aMao, Tse-Tung. 961 $aOmaggio: Deposito 996 $6245$aDiscorsi inediti dal 1956 al 1971$9(OLS)http://semarc/title/101467 996 $6260$a[Milano] :$bArnoldo Mondadori Editore$9(OLS)http://semarc/publisher/29634 LEADER 01121nab a2200181 i 4500 001 000000285033 003 CaOOAMICUS 005 20180831165306.0 008 180831n xx uu u0 0und r 013 $a38421 040 $aSeMil$bita 245 14$a«La prova č questa :$bche amiamo i nostri fratelli» ; Educazione alla mondialitą e catechesi ; Catechesi e dottrina sociale della Chiesa/2 ; L'educazione alla fede nella prospettiva biblica ; Non commetterai adulterio, non desidererai la... - 64 p. 500 $aOttobre 1990, Anno 59. 650 4$aMondialitą.$0(OLS)http://semarc/subject/8535 650 4$aChiesa cattolica - Dottrina Sociale - Catechesi.$0(OLS)http://semarc/subject/28078 650 4$aBibbia - NT - 1 Giovanni.$0(OLS)http://semarc/subject/30651 773 0 $t1990.$dLeumann (TO) : Elledici, 1990.$w()239367 996 $6245$a«La prova č questa :$bche amiamo i nostri fratelli» ; Educazione alla mondialitą e catechesi ; Catechesi e dottrina sociale della Chiesa/2 ; L'educazione alla fede nella prospettiva biblica ; Non commetterai adulterio, non desidererai la... - 64 p.$9(OLS)http://semarc/title/365862